Squid Game Guess the Character's Name - Statistics

General Stats
  • This quiz has been taken 221 times
  • The average score is 6 of 13
Answer Stats
Number Answer % Correct
456 Gi-hun
98%
218 Sang-woo
88%
067 Sae-byeok
85%
199 Ali Abdul
79%
101 Deok-su
77%
212 Mi-nyeo
62%
240 Ji-yeong
55%
111 Byeong-gi
32%
017 Jung-soo
18%
322 Min-tae
14%
369 Ju-un
9%
119 Sang-hun
8%
002 Jung-ho
2%
No matching quizzes found
Score Distribution
Percent of People with Each Score
Percentile by Number Answered
Your Score History
You have not taken this quiz